000 00894nam a2200253 i 4500
001 bg
100 1 _aBOJCZUK, Dariusz
245 1 0 _aAnaliza wrażliwości i optymalizacja konstrukcji prętowych /
_cDariusz Bojczuk.
260 _aKielce :
_bWydaw. PŚ.,
_c1999.
300 _a249 s. :
_bil. ;
_c23 cm.
490 1 _aMonografie, Studia, Rozprawy / [Politechnika Świętokrzyska],
_x0239-4979 ;
_v18
500 _aRozprawa habilitacyjna. Politechnika Świętokrzyska. - Streszcz. ang.
504 _aBibliogr.
650 9 _aBelka
_xmechanika
650 9 _aOptymalizacja
_xstosowanie
_xmechanika
650 9 _aPręty
_xkonstrukcje
_xmechanika
650 9 _aRama
_xmechanika
830 0 _aMonografie, Studia, Rozprawy ([Politechnika Świętokrzyska]) ;
_v18
040 _cBPK
041 0 _apl
_ben
080 _a624.01/.07:519.863
942 _cKS
008 s pl f |000 0 pol
999 _c39008
_d39008
856 _uhttp://koha.tu.koszalin.pl/cgi-bin/koha/opac-detail.pl?biblionumber=39008
_yKatalog online BPK